Nghệ thuật trồng hoa kiểng bốn mùa

Giới thiệu về tên khoa học, họ loài, tên khác, hình dáng đặc trưng, cách trồng và chăm sóc nhiều loại hoa kiểng khác nhau.

में बचाया:
ग्रंथसूची विवरण
मुख्य लेखक: Thiên Kim
स्वरूप: पुस्तक
भाषा:Undetermined
प्रकाशित: Hà Nội Mỹ thuật 2009
विषय:
टैग : टैग जोड़ें
कोई टैग नहीं, इस रिकॉर्ड को टैग करने वाले पहले व्यक्ति बनें!
Thư viện lưu trữ: Trung tâm Học liệu Trường Đại học Cần Thơ
LEADER 00773nam a2200205Ia 4500
001 CTU_180743
008 210402s9999 xx 000 0 und d
020 |c 40000 
082 |a 635.9 
082 |b Th305 
100 |a Thiên Kim 
245 0 |a Nghệ thuật trồng hoa kiểng bốn mùa 
245 0 |c Thiên Kim 
260 |a Hà Nội 
260 |b Mỹ thuật 
260 |c 2009 
520 |a Giới thiệu về tên khoa học, họ loài, tên khác, hình dáng đặc trưng, cách trồng và chăm sóc nhiều loại hoa kiểng khác nhau. 
650 |a Ornamental horiculture,Bonsai,Nghệ thuật trồng hoa kiểng 
910 |a Nguyên 
980 |a Trung tâm Học liệu Trường Đại học Cần Thơ